| 000 | 00766nam a2200229 a 4500 | ||
|---|---|---|---|
| 999 |
_c12199 _d12199 |
||
| 003 | BD-JhCC | ||
| 005 | 20210323121551.0 | ||
| 008 | 210323m20002015bg |||| ||a| 001 0 ben d | ||
| 020 | _a9788004343 | ||
| 035 | _a(BD-JhCC) | ||
| 040 |
_aBD-JhCC _dBD-JhCC |
||
| 041 | _aben | ||
| 082 |
_a923.1 _bBAN 2015 |
||
| 245 |
_aবাঙালি বাংলাদেশ ও বঙ্গবন্ধু / _cসম্পা. মোনায়েম সরকার |
||
| 260 |
_aঢাকা : _bআগামী প্রকাশনী, _c২০১৫. |
||
| 300 |
_a৫৪৩ পৃ. : _c২২ সেমি. |
||
| 600 | _aRahaman, Shek Mujibur | ||
| 650 | _aBiogaraphy | ||
| 700 | _aসরকার, মোনায়েম | ||
| 942 |
_2ddc _cBK |
||